| 000 | 00546nam a2200121 a 4500 | ||
|---|---|---|---|
| 008 | 120416s1996 ||||||||||||||||| || u | ||
| 050 | _aTHESIS | ||
| 100 | _aKamanya, R | ||
| 245 | 1 | 0 | _aProblems, analysis and recommendations on marketing behavior if convenience and shopping goods retai |
| 260 |
_aKitwe _bCopperbelt University, School of Business, Department of Business Administration _c1996 |
||
| 350 | _a0.00 | ||
| 995 |
_D0.00 _FCBU-MAIN LIBRARY (Kitwe) _H1 _I0.00 _M1 _UAVAILABLE _ZUniversity Collection |
||
| 999 |
_c54769 _d54769 |
||